|
|
|
|
| LEADER |
00000naa2a2200000 4500 |
| 001 |
623824 |
| 005 |
20231101133301.0 |
| 035 |
|
|
|a (RuTPU)RU\TPU\conf\22917
|
| 035 |
|
|
|a RU\TPU\conf\22916
|
| 090 |
|
|
|a 623824
|
| 100 |
|
|
|a 20170921d2017 k y0rusy50 ca
|
| 101 |
0 |
|
|a rus
|
| 102 |
|
|
|a RU
|
| 105 |
|
|
|a y z 101zy
|
| 135 |
|
|
|a drcn ---uucaa
|
| 181 |
|
0 |
|a i
|
| 182 |
|
0 |
|a b
|
| 200 |
1 |
|
|a Седиментологические исследования современных рифов и карбонатных платформ и проецирование их результатов на древние аналоги нефтегазоносных провинций России
|f А. П. Вилесов, И. А. Вахрушева
|
| 203 |
|
|
|a Текст
|c электронный
|
| 225 |
1 |
|
|a Пленарные доклады
|
| 230 |
|
|
|a 1 компьютерный файл (pdf; 897 Кб)
|
| 300 |
|
|
|a Заглавие с экрана
|
| 320 |
|
|
|a [Библиогр.: с. 39-40 (15 назв.)]
|
| 330 |
|
|
|a Рассмотрены ключевые направления седиментологических исследований современных рифов и карбонатных платформ, результаты которых важны для понимания строения ископаемых аналогов. К этим направлениям отнесены работы по изучению морфологии платформ, закономерностей распределения в их пределах различных фациальных зон, особенностей латеральной аккреции, формирования карбонатных микробиалитов, строения внутриплатформенных лагун и карбонатной седиментации в условиях интенсивного терригенного влияния. Приведены примеры сопоставления современных и ископаемых аналогов.
|
| 463 |
|
0 |
|0 (RuTPU)RU\TPU\conf\22907
|t Современные проблемы седиментологии в нефтегазовом инжиниринге
|o труды III Всероссийского научно‐практическогоседиментологического совещания, 10-12 апреля 2017 г., г. Томск
|f Национальный исследовательский Томский политехнический университет (ТПУ), Институт природных ресурсов (ИПР) ; гл. ред. О. С. Чернова
|v [С. 33-40]
|d 2017
|
| 610 |
1 |
|
|a электронный ресурс
|
| 610 |
1 |
|
|a карбонатные платформы
|
| 610 |
1 |
|
|a рифы
|
| 610 |
1 |
|
|a морфология
|
| 610 |
1 |
|
|a фации
|
| 610 |
1 |
|
|a фациальные зоны
|
| 610 |
1 |
|
|a лагунная седиментация
|
| 610 |
1 |
|
|a карбонатные микробиолиты
|
| 610 |
1 |
|
|a смешанные системы
|
| 700 |
|
1 |
|a Вилесов
|b А. П.
|
| 701 |
|
1 |
|a Вахрушева
|b И. А.
|
| 712 |
0 |
2 |
|a Тюменский нефтяной научный центр
|
| 801 |
|
2 |
|a RU
|b 63413507
|c 20171129
|g RCR
|
| 856 |
4 |
|
|u http://earchive.tpu.ru/handle/11683/43041
|
| 942 |
|
|
|c BK
|